000 00395cam a2200157 4500
001 D10983
008 090401t xxu||||| |||| 00| 0 eng d
035 _a(Sirsi) u97103
041 _aeng
100 _aLawrence, B.G.
245 _aTerms and definitions
350 _a0
520 _aIn RICS. Insulation in the eighties: opportunites and problems. 1980/8 A
942 _n0
948 _c04/03/1997
999 _c98782
_d98782